| 000 | 00546nam a2200181 i 4500 | ||
|---|---|---|---|
| 001 | 140778 | ||
| 003 | ES-MaACL | ||
| 005 | 20230906200142.0 | ||
| 007 | t| | ||
| 008 | 070917s1924 xxk ||||1| eng d | ||
| 080 | _a821.111 | ||
| 100 | 1 |
_aShaw, Bernard. _9106025 |
|
| 245 | 1 | 0 |
_aSaint Joan _b: a chronicle play in six scenes and an epilogue / _cby Bernard Shaw. |
| 260 |
_aLondon : _bConstable and Company, _c1924. |
||
| 300 |
_a114 p. ; _c18 cm. |
||
| 500 | _aBiblioteca Jacinto MartÃnez Lacalle. | ||
| 852 |
_aES-MaACL _jE-12136 _bR.140070 |
||
| 999 |
_c140778 _d140778 |
||